000 00694nam a2200217Ii 4500
003 JO-AjNU
008 230605s9999||||xx |||||||||||||| ||und||
017 _a1985/12/556
040 _aJO-AjNU
_bara
_erda
_cJO-AjNU
041 _aara
050 1 4 _aPJ3051.U7248 1987
100 3 _aتأليف عريفج، سامي، م.مشارك خالد حسين مصلح,
_eauthor
_952691
245 0 0 _aفي القياس والتقويم
250 _aط2: منقحة
264 3 1 _aعمان: المؤلف، 1987
300 _a226ص
336 _atext
_btxt
_2rdacontent
337 _aunmediated
_bn
_2rdamedia
338 _avolume
_bnc
_2rdacarrier
650 4 _aقياس وتقويم تربوي
_952692
999 _aA23356
_c26924
_d26924